• 首页
  • 本馆介绍
  • 公告通知
  • 最新文献
  • 馆藏检索
  • 电子资源
  • 读者导购
  • 参考咨询
  • 我的图书馆
  • 登录
  • 详细信息显示
  • 放入我的书架
  • 预约/预借图书
  • 作者相关作品
  • 分类相关作品
  • 丛书相关作品
  • 出版社相关作品

书目信息

  • 表格格式
  • 工作单格式
  • 卡片格式
题名:
国际贸易与支付
    
 
作者: 凯夫斯 主编
分册:  
出版信息: 北京   中国人民大学出版社  2006
页数: 672页
开本: 26cm
丛书名:
单 册:
中图分类: F091.3 , F830.73
科图分类:
主题词: 现代资产阶级经济学 , 现代资产阶级经济学--高等学校--教材 , 金融 , 银行
电子资源:
ISBN: 7-300-05670-9
000 01148nam0 2200349 450
000 01111nam0 2200337 450
000 01072nam0 2200313 450
000 01018nam0 2200289 450
000 00949nam0 2200265 450
000 00913nam0 2200253 45
005 20070725155744.56
010    @a7-300-05670-9@dCNY59.00
100    @a20070424d2006 em y0chiy0120 ea
101 0  @achi
102    @aCN@b110000
105    @ay z 000yy
200 1  @a国际贸易与支付@Aguo ji mao yi yu zhi fu@ECai Se Ban@f凯夫斯主编@Fkai fu si zhu bian
205    @a第9版
210    @a北京@c中国人民大学出版社@d2006
215    @a672页@d26cm
300    @a21世纪经济学系列教材/杜厚文,林岗主编普通高等教育“十五”国家级规划教材
330    @a本书共分23章,系统地讲述了微观经济学理论、宏观经济学理论、西方主要经济学理论。
606 0  @a现代资产阶级经济学
606 0  @a现代资产阶级经济学@x高等学校@j教材
606 0  @a金融
606 0  @a银行
690    @aF091.3@v4
690    @aF830.73@v3
701  0 @a凯夫斯@Akai fu si@f(1921~)@4主编
801  0 @aCN@bTAOJIN@c20070725
905    @a10447@dF830.73@e110=9
    
    国际贸易与支付/凯夫斯主编.-第9版.-北京:中国人民大学出版社,2006
    672页;26cm
    21世纪经济学系列教材/杜厚文,林岗主编普通高等教育“十五”国家级规划教材
    
    ISBN 7-300-05670-9:CNY59.00
    本书共分23章,系统地讲述了微观经济学理论、宏观经济学理论、西方主要经济学理论。
●
相关链接 在E读中查询图书 在五车中查询图书 在当当中查询图书 在豆瓣中查询图书


正题名:国际贸易与支付     索取号:F830.73/110=9         预约/预借

序号 登录号 条形码 馆藏地/架位号 状态 备注
1 0825987   208259873   第一样本阅览室/ [索取号:F830.73/110=9] 在馆    
2 0825988   208259882   第一借阅区/ [索取号:F830.73/110=9] 在馆    
3 0825989   208259891   第一借阅区/ [索取号:F830.73/110=9] 在馆    
4 0825990   208259908   密集书库/ [索取号:F830.73/110=9] 在馆    
5 0825991   208259917   密集书库/ [索取号:F830.73/110=9] 在馆    
6 0825992   208259926   第一借阅区/ [索取号:F830.73/110=9] 在馆    
7 0825993   208259935   第一借阅区/ [索取号:F830.73/110=9] 在馆    
8 0825994   208259944   第一借阅区/ [索取号:F830.73/110=9] 在馆    
唐山师范学院图书馆 欢迎您!
大连网信软件有限公司© 版权所有